000 00415nam a2200157Ia 4500
008 231217s9999 xx 000 0 und d
020 _a8178811111
041 _aEnglish
082 _a338.06 CHO;2 R1
100 _aChowdary, Nagendra V.
245 0 _aUncaging the tiger : industrial sector reform
260 _c2002
_bIcfai
_aHyderabad
300 _aix, 198
650 _aUncaging,tiger,reform
942 _cAA
999 _c187181
_d187181